书目信息 |
| 题名: |
财务分析
|
|
| 作者: | 张先治 主编 | |
| 分册: | ||
| 出版信息: | 大连 东北财经大学出版社 2021.2 |
|
| 页数: | 376页 | |
| 开本: | 26cm | |
| 丛书名: | ||
| 单 册: | ||
| 中图分类: | F231.2 | |
| 科图分类: | ||
| 主题词: | 会计分析--hui ji fen xi--高等学校--教材 | |
| 电子资源: | ||
| ISBN: | 978-7-5654-4139-4 | |
| 000 | 01193nam0 2200253 450 | |
| 001 | 2161464759 | |
| 005 | 20210930094239.0 | |
| 010 | @a978-7-5654-4139-4@dCNY49.00 | |
| 100 | @a20210408d2021 em y0chiy0110 ea | |
| 101 | 0 | @achi |
| 102 | @aCN@b210000 | |
| 105 | @aa z 000yy | |
| 106 | @ar | |
| 200 | 1 | @a财务分析@Acai wu fen xi@dFinancial analysis@e数智版@f张先治主编@zeng |
| 210 | @a大连@c东北财经大学出版社@d2021.2 | |
| 215 | @a376页@c图@d26cm | |
| 300 | @a“十二五”普通高等教育本科国家级规划教材 国家级精品课程 国家级精品资源共享课 东北财经大学会计学系列教材 | |
| 330 | @a本版教材配备VCase课后实验和VDC大数据财务分析项目。VCase课后实验是为加强知识应用能力培养而独立开设的实验教学单元,与实验相关的知识点在教材理论知识讲授部分,均以“例题+知识”讲解形式分步骤进行了系统的阐述,课后实验在此基础上引入财务工具,旨在通过实验操作,加强读者应用财务分析知识解决实际问题的能力。VDC大数据财务分析项目是微软中国举办的第三届大数据可视化建模大赛的冠军作品。 | |
| 510 | 1 | @aFinancial analysis@zeng |
| 606 | 0 | @a会计分析@Ahui ji fen xi@x高等学校@j教材 |
| 690 | @aF231.2@v5 | |
| 701 | 0 | @a张先治@Azhang xian zhi@4主编 |
| 801 | 0 | @aCN@b百万庄@c20210929 |
| 905 | @b1302874-77@dF231.2@e664@f4 | |
| 财务分析=Financial analysis:数智版/张先治主编.-大连:东北财经大学出版社,2021.2 |
| 376页:图;26cm |
| “十二五”普通高等教育本科国家级规划教材 国家级精品课程 国家级精品资源共享课 东北财经大学会计学系列教材 |
| ISBN 978-7-5654-4139-4:CNY49.00 |
| 本版教材配备VCase课后实验和VDC大数据财务分析项目。VCase课后实验是为加强知识应用能力培养而独立开设的实验教学单元,与实验相关的知识点在教材理论知识讲授部分,均以“例题+知识”讲解形式分步骤进行了系统的阐述,课后实验在此基础上引入财务工具,旨在通过实验操作,加强读者应用财务分析知识解决实际问题的能力。VDC大数据财务分析项目是微软中国举办的第三届大数据可视化建模大赛的冠军作品。 |
| ● |
| 相关链接 |
|
|
|
|
正题名:财务分析
索取号:F231.2/664
 
预约/预借
| 序号 | 登录号 | 条形码 | 馆藏地/架位号 | 状态 | 备注 |
| 1 | 1302874 | 213028748 | 第一样本阅览室/ [索取号:F231.2/664] | 在馆 | |
| 2 | 1302875 | 213028757 | 第一借阅区/ [索取号:F231.2/664] | 在馆 | |
| 3 | 1302876 | 213028766 | 第一借阅区/ [索取号:F231.2/664] | 在馆 | |
| 4 | 1302877 | 213028775 | 第一借阅区/ [索取号:F231.2/664] | 在馆 |